00609nam a2200217Ia 4500008004000000082001100040100001600051245003500067250000500102260004500107300000800152650001100160650001000171650000700181650001400188650000600202690002400208906001100232999001900243952012900262210210b1925 xxu||||| |||| 00| 0 eng d a544/93 aJEANS (J H) aDynamical theory of gases Ed 4 a aCambridgebAt the University Pressc1925 a444 atheory agases aEd aDynamical a4 aInorganic Chemistry a009749 c127118d127118 001040728ChemistryaALbALcInorganic Chemistryd2021-02-17g0.00l0o544/93p009749r2021-02-17 00:00:00w2021-02-17yBK